Nietzsche, la genealogía. la historia
Este libro marca un giro en el que Foucault abandona la primacía discursiva, la primacía de la arqueología, para elaborar ese método genealógico que constituye el primer paso hacia un ánalisis de poder.
محفوظ في:
| المؤلف الرئيسي: | |
|---|---|
| مؤلفون آخرون: | |
| التنسيق: | كتاب |
| اللغة: | Spanish |
| منشور في: |
Valencia:
Pre-Textos,
1992
|
| الطبعة: | 2 ed. |
| الوصول للمادة أونلاين: | Enlace del recurso |
| الوسوم: |
إضافة وسم
لا توجد وسوم, كن أول من يضع وسما على هذه التسجيلة!
|
MARC
| LEADER | 00000nam a2200000 a 4500 | ||
|---|---|---|---|
| 001 | 000476 | ||
| 008 | 021105s1992 sp fr## #000|0#spa#d | ||
| 020 | |a 84-85081-97-8 | ||
| 041 | 0 | |a spa | |
| 043 | |a e-sp--- | ||
| 082 | 0 | 4 | |a 301.155 |b F581n |2 21 |
| 100 | 1 | |a Foucault, Michel | |
| 245 | 1 | 0 | |a Nietzsche, la genealogía. la historia |c Michel Foucault; traducido por José Vásquez Pérez. |
| 250 | |a 2 ed. | ||
| 260 | |a Valencia: |b Pre-Textos, |c 1992 | ||
| 300 | |a 75 p. | ||
| 500 | |a Incluye notas del autor. | ||
| 520 | 3 | |a Este libro marca un giro en el que Foucault abandona la primacía discursiva, la primacía de la arqueología, para elaborar ese método genealógico que constituye el primer paso hacia un ánalisis de poder. | |
| 700 | 1 | |a Vásquez Pérez., José, |e trad. | |
| 999 | |c 2629 |d 2629 | ||
| 856 | |u https://catalogo.idep.edu.co/cgi-bin/koha/opac-detail.pl?biblionumber=2629 |z Enlace del recurso | ||